00354nam a22001337a 450000500170000000800410001704100120005808200120007010000120008224500230009426000470011730000310016465000250019520240802104943.0240802b |||||||| |||| 00| 0 eng d aEnglish a349 NAT lEnglish aNatal Law Reports  aPietermaritzburg: bMunro Brothers, c1903 bxxxi, 533 pages; c25 cm.  aLegal practice bLaw